01034nam0a22002171 4500001001000000005001700010035002600027100004100053101000800094102000700102105001800109200034800127210002800475215001500503320003000518702007900548712013000627801001800757801002200775852001900797rc\49155720250621104516.0 a(NLR Aleph) 005733452 a20030616d1988 |||y0rusy50 ca0 arus aRU ay |||||||||1 aМЕТОДИЧЕСКИЕ рекомендации по развитию скоростно-силовой подготовленности юных спортсменовfГос. ком. УССР по физ. культуре и спорту, Респ. науч.-метод. каб.g[Сост. к. п. н. Р.В. Жордочко и др.] aКиевcБ. и.d1988 a16 с.d20 aБиблиогр.: с. 14 1aЖордочкоbР.В.gРостислав Владимирович422002aУкраинский респ. науч.-метод. кабинет по физ. культуре и спортуcКиев 0aRUbNLRgpsbo 1aRUbELAR2rusmarc aNLRj89-4/7478